LIBRARY ONLINE CATALOGUE

Elements of law : (Record no. 12009)

MARC details
000 -LEADER
fixed length control field 00704cam a22002052 4500
001 - CONTROL NUMBER
control field 0000008742
005 - DATE AND TIME OF LATEST TRANSACTION
control field 20151217155216.0
008 - FIXED-LENGTH DATA ELEMENTS--GENERAL INFORMATION
fixed length control field 080523s xx 000 0 eng d
020 ## - INTERNATIONAL STANDARD BOOK NUMBER
Terms of availability KES 900
040 ## - CATALOGING SOURCE
Original cataloging agency KABU
Transcribing agency KABU
110 2# - MAIN ENTRY--CORPORATE NAME
Corporate name or jurisdiction name as entry element Strathmore University.
Subordinate unit Distance Learning Centre.
-- 0000150769
245 10 - TITLE STATEMENT
Title Elements of law :
Remainder of title subject no. 5 revision kit /
Statement of responsibility, etc. Strathmore University.
260 ## - PUBLICATION, DISTRIBUTION, ETC. (IMPRINT)
Place of publication, distribution, etc. Nairobi :
Name of publisher, distributor, etc. Strathmore University Press,
Date of publication, distribution, etc. [2007]
300 ## - PHYSICAL DESCRIPTION
Extent xvii, 259 p.
650 #0 - SUBJECT ADDED ENTRY--TOPICAL TERM
Topical term or geographic name as entry element Law
Location of event Kenya
General subdivision Examinations, questions, etc.
-- 0000159443
908 ## - PUT COMMAND PARAMETER (RLIN)
Put command parameter 080523
950 ## - LOCAL HOLDINGS (RLIN)
-- 1
Holdings
Withdrawn status Lost status Source of classification or shelving scheme Not for loan Home library Current library Date acquired Total Checkouts Total Renewals Full call number Barcode Date last seen Date last checked out Price effective from Koha item type
    Library of Congress Classification   Kabarak, Main Campus Kabarak, Main Campus 17/12/2015 29 2 KSK70 .S772 2007 c. 2 008992 22/10/2024 04/10/2024 17/12/2015 General Collection
    Library of Congress Classification   Kabarak, Main Campus Kabarak, Main Campus 17/12/2015 20 6 KSK70 .S772 2007 c. 1 008989 11/10/2025 29/09/2025 17/12/2015 General Collection